| 000 | 00388cam a2200157ua 4500 | ||
|---|---|---|---|
| 041 |
_aeng _h |
||
| 082 |
_a823.301 _bHEM/FI |
||
| 100 | _aHemingway, Ernest . | ||
| 245 |
_aFirst forty nine stories / _cErnest Hemingway. _hTextual Documents |
||
| 250 |
_a1 / _b. |
||
| 260 |
_aLondon : _bJonathan cape , _c1962. |
||
| 300 | _a414 ; . | ||
| 504 | _a | ||
| 942 | _cBK | ||
| 999 |
_c2642 _d2642 |
||